La cerda y su camada
Guardat en:
| Autor principal: | |
|---|---|
| Format: | Llibre |
| Idioma: | espanyol |
| Publicat: |
Barcelona
Aedos
1980
|
| Edició: | 2a. ed |
| Col·lecció: | Biblioteca Agrícola Aedos
|
| Matèries: | |
| Etiquetes: |
Afegir etiqueta
Sense etiquetes, Sigues el primer a etiquetar aquest registre!
|
MARC
| LEADER | 00000nam a2200000 a 4500 | ||
|---|---|---|---|
| 001 | UCS8980 | ||
| 003 | CL-VaPUC | ||
| 008 | 971113e19800000SP |||||||||||||||||spa|d | ||
| 082 | 0 | 4 | |a 636.4 |b CON |2 21 |
| 100 | 0 | |a Concellon Martínez, Antonio |e author |9 393772 | |
| 245 | 1 | 3 | |a La cerda y su camada |
| 250 | |a 2a. ed | ||
| 300 | |a 307 p | ||
| 942 | |c BK | ||
| 945 | |d 19971113 00:00:00 |a jquezada | ||
| 260 | |a Barcelona |b Aedos |c 1980 | ||
| 650 | 7 | |a CERDO |2 CL-VaPUC |9 393773 | |
| 650 | 7 | |a CICLO REPRODUCTOR |2 CL-VaPUC |9 393774 | |
| 650 | 0 | |a Productividad |9 335972 | |
| 650 | 7 | |a CELO |2 CL-VaPUC |9 393775 | |
| 650 | 0 | |a Inseminación artificial |9 338967 | |
| 650 | 7 | |a MANEJO ANIMAL |2 CL-VaPUC |9 393776 | |
| 650 | 7 | |a PARTO |2 CL-VaPUC |9 310888 | |
| 650 | 7 | |a DESTETE |2 CL-VaPUC |9 393777 | |
| 650 | 0 | |a Razas |9 326658 | |
| 650 | 0 | |a Producción animal |9 393778 | |
| 650 | 0 | |a Alimentación animal |9 393779 | |
| 583 | |a last modification |c 19971113 00:00:00 |k Rodrigo Vera | ||
| 490 | 0 | |a Biblioteca Agrícola Aedos | |
| 999 | |c 263062 |d 263060 | ||